000 00227nam a22000977a 4500
003 SGT
100 _aTRISHNAS
245 _aGATE COMPUTER SCIENCE AND INFORMATION TECHNOLOGY
260 _aNEW DELHI
_bPEARSON
_c2019
942 _2ddc
_cCD
999 _c20362
_d20362